000 00658cam a2200205 a 4500
020 _a9780821367209
020 _a082136720X
020 _a0821367218 (electronic)
020 _a9780821367216 (electronic)
040 _cDLC
082 0 0 _a338 WOR 2007 A073 Or.
100 1 _aQiang, Christine Zhen-Wei.
245 1 0 _aChina's information revolution :
_bmanaging the economic and social transformation /
260 _aWashington, D.C. :
_bWorld Bank,
_cc2007.
300 _axviii, 137 p. :
_bill. ;
_c26 cm.
650 0 _aInformation technology
650 0 _aSocial change
856 4 1 _uhttp://www.loc.gov/catdir/toc/ecip077/2006103069.html
942 _cEK
999 _c15150
_d15150